000 00350pam a2200133a 44500
008 230405s2009 xxu||||| |||| 00| 0 eng d
041 _aENG
100 _aREDDY J / MEGAJAR R
245 _aCHIRALITY IN DRUG DESIGN DEVELOPMENT
250 _a1
260 _aNEW YORK
_bMARCEL DEKKER INC PUBLICATIONS NEW YORK
_c2009
300 _a444
906 _a4649
999 _c270088
_d270088